| 000 | 01190nam2a22002651 4500 | ||
|---|---|---|---|
| 001 | rc\147046 | ||
| 005 | 20250612170653.0 | ||
| 010 |
_a5-7395-0015-X _9100000 |
||
| 035 | _a(NLR Aleph) 008742961 | ||
| 090 |
_a9539485 _c9539485 |
||
| 100 | _a20030307d1994 |||y0rusy50 ca | ||
| 101 | 0 | _arus | |
| 102 | _aRU | ||
| 105 | _aa ||||||||| | ||
| 200 | 1 |
_aЗавещание чудака _e[Роман _fПер. В. Барбашевой] |
|
| 210 |
_cФрэд _d1994 _aБ. м. |
||
| 215 |
_a397, [2] с. _cил. |
||
| 300 | _aНа пер. только авт. и загл. тома | ||
| 461 | 0 |
_1001rc\147034 _12001#$aСобрание сочинений$eВ 50 т.$e[Пер. с фр.]$fЖюль Верн$g[Сост. А.В. Кукаркин]$vТ. 12 _1700#1$aВерн$bЖ.$gЖюль$f1828-1905 _97805032 _aВерн, Ж. (1828-1905) _cМ. _d1992- _fЖюль Верн _nИзд. фирма "Дайджест" _oВ 50 т. : [Пер. с фр.] _tСобрание сочинений _y5768500383 _vТ. 12 |
|
| 604 | 1 |
_150010$aЗавещание чудака$2psbo _tЗавещание чудака |
|
| 801 | 0 |
_aRU _bNLR _gpsbo |
|
| 801 | 1 |
_aRU _bELAR _2rusmarc |
|
| 852 |
_aNLR _j93-3/7888 |
||
| 942 | _cBOOK | ||
| 980 | _aNB | ||